LIBRARY & INFORMATION CENTRE, KCAET, TAVANUR

ONLINE PUBLIC ACCESS CATALOGUE (OPAC)

Sewage treatment / (Record no. 2744)

MARC details
000 -LEADER
fixed length control field 00469cam a2200193ua 4500
041 ## - LANGUAGE CODE
Language code of text/sound track or separate title eng
082 ## - DEWEY DECIMAL CLASSIFICATION NUMBER
Classification number 628.3
Item number IMH/SE
100 ## - MAIN ENTRY--AUTHOR NAME
Personal name Imthaffe , Karl .
245 ## - TITLE STATEMENT
Title Sewage treatment /
250 ## - EDITION STATEMENT
Edition statement 2 /
260 ## - PUBLICATION, DISTRIBUTION, ETC. (IMPRINT)
Place of publication New York :
Name of publisher John Wiley & Sons ,
Year of publication 1960.
300 ## - PHYSICAL DESCRIPTION
Number of Pages 338 ; .
700 1# - ADDED ENTRY--PERSONAL NAME
Personal name Maskew fair, Golden .
942 ## - ADDED ENTRY ELEMENTS (KOHA)
Koha item type Books
Holdings
Withdrawn status Lost status Damaged status Home library Current library Date acquired Full call number Accession Number Koha item type
      KAUAET KAUAET 07/04/2012 628.3 3623 Books
free website counter